Atlas de astronomía
Salvato in:
| Autore principale: | |
|---|---|
| Natura: | Libro |
| Lingua: | spagnolo |
| Pubblicazione: |
Madrid
Alianza
1984
|
| Serie: | Colección Alianza Universidad
|
| Soggetti: | |
| Tags: |
Aggiungi Tag
Nessun Tag, puoi essere il primo ad aggiungerne!!
|
MARC
| LEADER | 00000nam a2200000 a 4500 | ||
|---|---|---|---|
| 001 | UCZ7398 | ||
| 003 | CL-VaPUC | ||
| 008 | 960105e19840000SP |||||||||||||||||spa|d | ||
| 082 | 0 | 4 | |a 520 |b HER |2 21 |
| 100 | 0 | |a Herrmann, Joachim |e author |9 352244 | |
| 245 | 1 | 0 | |a Atlas de astronomía |
| 300 | |a 289 p | ||
| 942 | |c BK | ||
| 945 | |d 19960105 00:00:00 |a rleighto | ||
| 260 | |a Madrid |b Alianza |c 1984 | ||
| 650 | 0 | |a Astronomía |9 260985 | |
| 650 | 7 | |a ESTACIONES DEL AÑO |2 CL-VaPUC |9 352245 | |
| 650 | 7 | |a CALENDARIOS |2 CL-VaPUC |9 352246 | |
| 650 | 7 | |a ECLIPSES SOLARES |2 CL-VaPUC |9 352247 | |
| 650 | 7 | |a ESTRELLAS |2 CL-VaPUC |9 310511 | |
| 650 | 0 | |a Vía Láctea |9 352248 | |
| 650 | 0 | |a Atlas |9 260843 | |
| 583 | |a last modification |c 19960105 00:00:00 |k Rodrigo Vera | ||
| 490 | 0 | |a Colección Alianza Universidad | |
| 999 | |c 243483 |d 243481 | ||
| 952 | |0 0 |1 0 |4 0 |6 520_000000000000000_HER_1984 |7 0 |8 F |9 257134 |a BIBARQ |b BIBARQ |d 2019-11-19 |i 3158519 |l 2 |o 520 HER 1984 |p 3158519 |r 2025-01-20 |s 2022-04-20 |w 2019-11-19 |y BK_F |k ARQ | ||